000 00323nam a22001337a 4500
020 _a81-7286-706-9
082 _a158
_bGAM/L
100 _aGAMON, DAVID
245 _a LEARN FASTER & REMEMBER MORE
260 _aBENGALURU
_bPRISM BOOKS PVT.LTD.
300 _a320
650 _aPERSONALITY DEVELOPMENT
_zBENGALURU
942 _cBK
999 _c5149
_d5149